01562nam a2200253Ia 4500999001500000001000900015003000600024005001700030008004100047020001500088040001800103082001800121100004000139245013600179250004000315260003700355300003800392504006500430505059600495630005401091650002301145942001501168952012501183 c9597d959755087851OCoLC20241126110715.0040506s2004 nyuab b 001 0 eng d a0060582731 aMNGcMNGdCIN a222.1206bHUM1 aHumphreys, C. J.q(Colin J.)91667014aThe miracles of Exodus :ba scientist's discovery of the extraordinary natural causes of the biblical stories /cColin J. Humphreys a1st HarperCollins paperback edition aNew York :bHarperCollins,c2004 avi, 362 p. :bill., maps ;c24 cm aIncludes bibliographical references (p. [341]-347) and index0 aUnlocking the secrets of the Exodus -- Crossing the river Jordan -- The date of the Exodus -- Moses and Midian -- The burning bush -- The mountain of God, the mountain of fire -- Mission impossible: the Exodus strategy -- How many people were in the Exodus? -- Death on the Nile -- The journey starts: the pillar of cloud and the pillar of fire -- Where was the biblical Red Sea? -- The Red Sea revealed -- The lost site of Etham -- Trapped by Pharaoh -- Crossing the Red Sea -- Turning bitter water sweet -- From the clue of the dew to water from rock -- The spectacular site of Mount Sinai00aBible.pExodusxHistory of Biblical events916671 0aExodus, The916672 2ddccBK03 00102ddc4070aGBCbGBCcBSd2023-03-21l4o222.1206 HUMp016128r2026-02-23 10:41:47s2026-02-13tc.1w2023-03-21yBK